000
00341 a2200157 4500
001
165462
020
_a
040
_c
Magnum
100
_a
Stanislavski, Constantin
240
1
0
_a
A preparacao do ator
_l
por
245
1
0
_a
A preparacao do ator
362
0
_a
1899
440
1
_a
Civilização Brasileira
697
_a
TEATRO
942
_c
BK
999
_c
165462
_d
165462